Hotel Services Ltd v Hilton International Hotels (UK) Ltd (Record no. 66083)

MARC details
000 -LEADER
fixed length control field 00698cam a2200181 4500
001 - CONTROL NUMBER
control field X110852
008 - FIXED-LENGTH DATA ELEMENTS--GENERAL INFORMATION
fixed length control field 000000n2000 000 0 eng u
035 ## - SYSTEM CONTROL NUMBER
System control number (Sirsi) u110852
245 ## - TITLE STATEMENT
Title Hotel Services Ltd v Hilton International Hotels (UK) Ltd
260 ## - PUBLICATION, DISTRIBUTION, ETC.
Date of publication, distribution, etc. 2000
490 ## - SERIES STATEMENT
Series statement Construction Industry Law Letter
Volume/sequential designation [2000] CILL 1686-1688(3)
520 ## - SUMMARY, ETC.
Summary, etc. CA 15 March 2000. Exemption of liability for indirect or consequentia loss or meaning of indirect of consequential loss. (Taken from headnote)
650 ## - SUBJECT ADDED ENTRY--TOPICAL TERM
Topical term or geographic name entry element HOTEL SERVICES LTD V HILTON INTERNATIONAL HOTEL (UK) LTD
650 ## - SUBJECT ADDED ENTRY--TOPICAL TERM
Topical term or geographic name entry element CONSEQUENTIAL LOSS
650 ## - SUBJECT ADDED ENTRY--TOPICAL TERM
Topical term or geographic name entry element INDIRECT LOSS
690 ## - LOCAL SUBJECT ADDED ENTRY--TOPICAL TERM (OCLC, RLIN)
Topical term or geographic name as entry element BUILDING AND CONSTRUCTION-CASE LAW
942 ## - ADDED ENTRY ELEMENTS (KOHA)
Suppress in OPAC 0
Holdings
Withdrawn status Lost status Source of classification or shelving scheme Damaged status Not for loan Home library Current library Shelving location Date acquired Total Checkouts Full call number Barcode Date last seen Copy number Price effective from Koha item type
    Dewey Decimal Classification     London London Journals 09/02/2001   X110852 110852-1001 06/08/2019 1 06/08/2019 Law report